Statistics for 1980's Song Titles: Picture Clues (New Wave/Alternative)

Click here to take the quiz!

General Stats

  • This quiz has been taken 29 times
  • The average score is 6 of 20

Answer Stats

Answer% Correct
Baggy Trousers
64%
Doctor Doctor
64%
The Caterpillar
64%
Torch
50%
Sheep
46%
Hand In Glove
43%
Cactus
36%
Kennedy
36%
The Wheel
36%
Mirror In The Bathroom
32%
Silver
32%
Charlton Heston
21%
Fields Of Fire (400 Miles)
21%
Master and Servant
21%
Swimming Horses
18%
A Pair Of Brown Eyes
11%
Elephant Stone
11%
Stain
11%
I Wanna Be A Flintstone
7%
Great Expectations
4%

Score Distribution

Percentile by Number Answered

Percent of People with Each Score

Your Score History

You have not taken this quiz